| 000 | 00518nam a22001457a 4500 | ||
|---|---|---|---|
| 999 |
_c26392 _d26392 |
||
| 082 | _aRP.0304 | ||
| 100 |
_aPatel, J.C. _uDepartment of Sociology,Gujarat University _vGujarat |
||
| 245 |
_aEducational Status of Scheduled Tribes on Gujarat _bAttainment and challenges |
||
| 260 |
_aGujarat _c2014 |
||
| 300 | _a244p. | ||
| 504 | _aInclude References | ||
| 536 | _aIndian Council of Social Science Research.New Delhi | ||
| 650 |
_aEducation _vEducational Attainment _vScheduled Tribes _zgujarat _zIndia |
||
| 942 |
_2ddc _cRP |
||